000 00720nam a22002297a 4500
003 OSt
005 20171025190744.0
008 130311t xxu||||| |||| 00| 0 eng d
020 _a9-7801-9923-8231
040 _aLDCLIB
_cLDCLIB
082 _222
_a341.481
_bBLA
245 _aBlackstone's International Human Rights Documents /
_cedited by Sandy, Ghandhi.
250 _a6th ed.
260 _aOxford New York :
_bOxford University Press,
_c2008.
300 _axii, 486 p. ;
_c24 cm.
500 _aIncludes Index.
650 _a International Human rights
_96709
650 _aHuman rights
_9259
650 _aBlackstone's International Human rights documents
_97131
700 _aGhandhi, Sandy.
942 _2ddc
_cBK
999 _c5347
_d5347